| 000 | 00596cam a2200229ua 4500 | ||
|---|---|---|---|
| 001 | 12035 | ||
| 008 | 200210n ii |||gr||||Z||||||eng | ||
| 020 | _a9789382976424 | ||
| 040 | _cMAIN | ||
| 041 | _aeng | ||
| 082 | _a305.4 | ||
| 100 |
_aTanusree Sarkar, _eAuthor. |
||
| 245 |
_aFeminism : _btheory and practice / _cBy Tanusree Sarkar & others . |
||
| 250 | _a1st ed. | ||
| 260 |
_aGolaghat: _bSaraswati prakashan, _c2020. |
||
| 300 | _a349p. | ||
| 653 | _aSocial groups | ||
| 653 | _aWomen studies | ||
| 700 |
_aJhuma Das, _eAuthor. |
||
| 700 |
_aSuman Sahu, _eAuthor. |
||
| 942 | _cBK | ||
| 999 |
_c10819 _d10819 |
||